Flash ™ MX Actionscript : The designer’s edge™
This innovative, full-color book, from the co-author of the best-selling Flash 5 Magic, is written for savvy web designers who want to use Flash ActionScript to add dynamic interactivity to their Flash creations, but who don't have a programming background. Authors Hamlin and Hall make everythi...
Tallennettuna:
| Päätekijä: | |
|---|---|
| Aineistotyyppi: | Kirja |
| Kieli: | Undetermined |
| Julkaistu: |
San Francisco, CA
Sybex
2002
|
| Aiheet: | |
| Tagit: |
Lisää tagi
Ei tageja, Lisää ensimmäinen tagi!
|
| Thư viện lưu trữ: | Trung tâm Học liệu Trường Đại học Cần Thơ |
|---|
| LEADER | 01600nam a2200229Ia 4500 | ||
|---|---|---|---|
| 001 | CTU_164115 | ||
| 008 | 210402s9999 xx 000 0 und d | ||
| 020 | |c 37 | ||
| 082 | |a 006.696 | ||
| 082 | |b H223 | ||
| 100 | |a Hamlin, J. Scott | ||
| 245 | 0 | |a Flash ™ MX Actionscript : | |
| 245 | 4 | |b The designer’s edge™ | |
| 245 | 0 | |c J. Scott Hamlin, Jennifer S. Hall | |
| 260 | |a San Francisco, CA | ||
| 260 | |b Sybex | ||
| 260 | |c 2002 | ||
| 520 | |a This innovative, full-color book, from the co-author of the best-selling Flash 5 Magic, is written for savvy web designers who want to use Flash ActionScript to add dynamic interactivity to their Flash creations, but who don't have a programming background. Authors Hamlin and Hall make everything from ActionScript fundamentals to high-end techniques accessible by truly teaching how ActionScript works, not just presenting code. Throughout, they take a consistently visual approach, including color charts and copious conceptual illustrations, complimented by interactive tutorials available on the book's companion site. With a striking design, matte cover, and high-quality paper, it all adds up to a premium book ideally suited for everyone from web/Flash developers, and multimedia producers, to instructors and web directors | ||
| 650 | |a Computer animation,Flash (Computer file),Computer graphics,Web sites,Hoạt hình máy tính,Tia sáng ( Tập tin máy tính),Đồ họa máy tính,Trang Web | ||
| 650 | |x Design,Thiết kế | ||
| 904 | |i Bạch Trúc | ||
| 980 | |a Trung tâm Học liệu Trường Đại học Cần Thơ | ||